000 00427nam a22001457a 4500
999 _c4220
_d4220
008 200727b ||||| |||| 00| 0 eng d
082 0 0 _223rd.
_a623.87236
_bS238
100 _92624
_aSanyal, D. K.
245 1 0 _aPrinciples and practice of marine diesel engines /
_cby D. K. Sanyal
250 _a2nd ed.
260 _aBombay:
_bBhandarkar publication,
_c1981.
300 _a483 p.
650 0 _aMarine Diesel Motors
942 _cBK